000 00424cam a2200169ua 4500
020 _a9788172247799
_cRs.395
041 _aeng
_h
082 _a621.4022
_bSUC/HE
100 _aSucec, James .
245 _aHeat transfer /
_cJames Sucec.
_hTextual Documents
260 _aMumbai :
_bJaico Publishing House ,
_c2005.
300 _a868 ; .
365 _aRs.395
504 _a
942 _cBK
999 _c12365
_d12365